000
00212 a2200097 4500
001
15054
100
_a
Swan M
245
_a
The marches of El Dorado
260
_a
London
_b
Jonathan cape
_c
090
_c
11809
_d
11809
942
_a
NUST-CAE
_c
M
_c
2013
999
_c
250127
_d
250127